Statistics for Guess 60 Borussia Dortmund footballers by image

Click here to take the quiz!

General Stats

  • This quiz has been taken 96 times
  • The average score is 44 of 60

Answer Stats

Answer% Correct
Erling Haaland
98%
Axel Witsel
96%
Robert Lewandowski
96%
Marco Reus
95%
Mario Gotze
95%
Mats Hummels
95%
Ilkay Gundogan
94%
Jadon Sancho
93%
Pierre-Emerick Aubameyang
93%
Achraf Hakimi
92%
Christian Pulisic
92%
Emre Can
92%
Jude Bellingham
92%
Niklas Sule
92%
Ousmane Dembele
92%
Sebastien Haller
90%
Gregor Kobel
88%
Andre Schurrle
87%
Marcel Schmelzer
87%
Shinji Kagawa
86%
Roman Burki
84%
Neven Subotic
83%
Ciro Immobile
81%
Giovanni Reyna
81%
Henrikh Mkhitaryan
81%
Karim Adeyemi
81%
Roman Weidenfeller
81%
Julian Brandt
80%
Manuel Akanji
80%
Thomas Meunier
80%
Marc Bartra
78%
Raphaël Guerreiro
78%
Sven Bender
78%
Youssoufa Moukoko
78%
Thorgan Hazard
76%
Łukasz Piszczek
75%
Sokratis Papastathopoulos
75%
Thomas Delaney
75%
Nico Schlotterbeck
73%
Donyell Malen
72%
Paco Alcacer
67%
Jakub Błaszczykowski
66%
Jens Lehmann
65%
Julian Weigl
64%
Matthias Ginter
64%
Nuri Şahin
64%
Thomas Rosicky
60%
Ivan Perisic
57%
Kevin Großkreutz
57%
Matthias Sammer
55%
Sebastian Kehl
52%
Dede
51%
Lars Ricken
45%
Jürgen Kohler
41%
Michael Zorc
36%
Andreas Möller
28%
Karl-Heinz Riedle
24%
Christian Worns
23%
Christoph Metzelder
23%
Stefan Reuter
20%

Score Distribution

Percentile by Number Answered

Percent of People with Each Score

Your Score History

You have not taken this quiz